000 00803nam a2200253Ia 4500
003 OSt
005 20220927112223.0
006 a|||||r|||| 00| 0
007 ta
008 220926b |||||||| |||| 00| 0 eng d
024 _a103673
037 _cReports
040 _aRTL
_cRTL
_beng
041 _2eng
_aeng
082 _a"X9(J781):2.271.N54t, J5"
110 _a"Madhya Pradesh, Government of.... Land Records (Department of....)"
_9383328
245 0 _aCrop estimating survey on cotton in Madhya Pradesh
260 _c1955
300 _a22p.
_ccm.
650 _aCotton Industry
_9356596
700 _a"Madhya Pradesh, Government of.... Land Records (Department of....)"
_9383329
942 _h"X9(J781):2.271.N54t, J5"
_cCC
999 _c699925
_d699925